MAASAI MARA UNIVERSITY

LIBRARY CATALOGUE

Contact Us: +254 020 2685356/7 or 0774 057787

Box: 861-20500, NAROK, KENYA

Email: info@mmarau.ac.ke

Friedland Robert P. (Record no. 4201)

MARC details
000 -LEADER
fixed length control field 00442nam a2200133Ia 4500
008 - FIXED-LENGTH DATA ELEMENTS--GENERAL INFORMATION
fixed length control field 151015s9999 xx 000 0 und d
050 ## - LIBRARY OF CONGRESS CALL NUMBER
Classification number RC 952 .A1C55 1994
245 ## - TITLE STATEMENT
Title Friedland Robert P.
250 ## - EDITION STATEMENT
Edition statement _Clinics in Geriatrics Medicine Alzheimer's Disease update / Robert P. Friedland
300 ## - PHYSICAL DESCRIPTION
Extent London : W.B.Saunders, 1994
500 ## - GENERAL NOTE
General note Includes index
650 ## - SUBJECT ADDED ENTRY--TOPICAL TERM
Topical term or geographic name as entry element _Getriatric medicine clinics
700 ## - ADDED ENTRY--PERSONAL NAME
Personal name ^d20130509 01:37:26^oanne

No items available.

© 2016 Maasai Mara University.